000 01145cab a2200349 4500
001 WB3113-09
008 090401t1995 xxu||||| |||| 00| 0 eng d
035 _a(Sirsi) u41043
041 _aeng
245 _aSpecial Areas of Conservation
260 _c1995
350 _a0
490 _aDaily Telegraph
_v31 March 1995, 4(1)
520 _aExamines the implications for landowners and development of the designation of Special Areas of Conservation, wildlife sites of European importance, where development will be forbidden under the EC Habitats and Species Directive.
650 _aBEN NEVIS
650 _aCOMMERCIAL FORESTRY
650 _aCROWN ESTATE
650 _aDEVELOPMENT
650 _aEC HABITATS AND SPECIES DIRECTIVE
650 _aMORAY FIRTH
650 _aMORECAMBE BAY
650 _aROAD SCHEMES
650 _aSACS
650 _aSITES OF SPECIAL SCIENTIFIC INTEREST
650 _aSPECIAL AREAS OF CONSERVATION
650 _aSITES OF SPECIAL SCIENTIFIC INTEREST
650 _aWILDLIFE SITES
650 _aWINDSOR FOREST AND GREAT PARK
690 _aCONSERVATION
942 _n0
948 _c04/03/1997
999 _c26341
_d26341